banner-ar

موسوعة الافلام العربية / (Record no. 37871)

MARC details
000 -الفاتح
حقل البيانات ثابتة الطول 00586nam a2200205Ia 4500
008 - عناصر البيانات ثابتة الطول - معلومات عامة
حقل البيانات ثابتة الطول 140319s9999 xx 000 0 ara d
040 ## - مصدر الفهرسة
وكالة الفهرسة الأصلية GCL /
وكالة النسخ GCL
082 04 - رقم تصنيف ديوى العشرى
رقم التصنيف 791.438
رقم المادة ص م
100 1# - المدخل الرئيسى - إسم شخصى
الإسم الشخصى محمود قاسم
245 10 - بيان العنوان
العنوان موسوعة الافلام العربية /
بيان المسئوليه,etc محمود قاسم
700 1# - المدخل الاضافى - اسم شخصى
الإسم الشخصى يعقوب وهبى
700 1# - المدخل الاضافى - اسم شخصى
الإسم الشخصى صلاح ابوسيف
700 1# - المدخل الاضافى - اسم شخصى
الإسم الشخصى منى البغدادى
300 ## - الوصف المادى
التعداد 446 ص
490 ## - بيان السلسلة
عنوان السلسلة
650 04 - المدخل الاضافى بالموضوع-مصطلح موضوعى
مصطلح موضوعي الافلام السينمائية
650 04 - المدخل الاضافى بالموضوع-مصطلح موضوعى
مصطلح موضوعي السينما, دوائر معارف
942 ## - عناصر المدخل الإضافي( كوها)
مصدر التصنيف او مخطط الترفيف Dewey Decimal Classification
Koha [default] item type كتاب
Holdings
حالة التراجع حالة الفقد حالة تلف ليس للاعارة المكان المؤقت الموقع الحالى تاريخ الاكتساب اجمالي اﻻعارات رقم الطلب الباركود تاريخ اخر مشاهدة تاريخ تفعيل السعر نوع وعاء كوها مصدر التصنيف او خطة الترفيف موقع الترفيف
        مكتبة القاهرة الكبرى مكتبة القاهرة الكبرى 03/26/2014   791.438\ص م 92520 03/26/2014 03/26/2014 كتاب    
        مكتبة القاهرة الكبرى مكتبة القاهرة الكبرى 03/26/2014   791.438\ص م 92521 03/26/2014 03/26/2014 كتاب    
        مكتبة القاهرة الكبرى مكتبة القاهرة الكبرى 03/18/2019   791.438\ ص م 165717 03/18/2019 03/18/2019 كتاب ddc  
        مكتبة القاهرة الكبرى مكتبة القاهرة الكبرى 03/18/2019   791.438\ ص م 165718 03/18/2019 03/18/2019 كتاب ddc  
        مكتبة القاهرة الكبرى مكتبة القاهرة الكبرى 06/18/2019   791.438\ص م 165988 06/18/2019 06/18/2019 كتاب ddc  
        مكتبة القاهرة الكبرى مكتبة القاهرة الكبرى 06/18/2019   791.438\ص م 165989 06/18/2019 06/18/2019 كتاب ddc  

Powered By

EGPV